| 000 | 00884cab a22001935a 4500 | ||
|---|---|---|---|
| 001 | L142054 | ||
| 008 | 080123e20080118xxkad f 000 0 eng d | ||
| 035 | _a(Sirsi) u142054 | ||
| 041 | 0 | _aeng | |
| 100 | 1 | _aLane, Thomas | |
| 245 | 0 | 4 | _aThe secret life of buildings |
| 260 | _c2008 | ||
| 490 | 0 |
_aBuilding _v273(8512) 18 January 2008, 42-46(5) |
|
| 520 | _aExplains how the Simons Group designed and built a low-energy office building and monitored its energy performance on completion. Provides information about the company, the plot of the building, procurement, design aspirations, the new building, the building?s ventilation and energy use, and the Carbon Trust?s energy audit of the building. Concludes by summarising lessons learned from the project. | ||
| 590 | _aKA | ||
| 651 | 4 |
_aUnited Kingdom _y |
|
| 690 | _aBUILT ENVIRONMENT-SUSTAINABLE CONSTRUCTION | ||
| 942 | _n0 | ||
| 999 |
_c79717 _d79717 |
||